01650nam a2200421 i 450000100060000000300080000600500170001400600190003100700150005000800410006502000270010603500230013303500240015603500250018003500220020504000310022705000220025808000230028008200160030311100920031924501400041126400670055130000410061833600310065933700330069033800430072350400290076658801280079565000480092365000150097165000200098665000170100665500270102370000360105070000360108670000440112285600620116697908FlNmELB20241217172718.0m o d | cr cnu||||||||181111s2012 sp ob 000 0 spa d a9788484243083 (e-book) a(MiAaPQ)EBC4536738 a(Au-PeEL)EBL4536738 a(CaPaEBR)ebr11229676 a(OCoLC)1105438004 aFINmELBbspaerdacFINmELB 4aPC4611bC749 2012 a811.134.2'374(063)0 a463.0282232 aCongreso Internacional de Lexicografía Hispánican(4th :d2010 :cTarragona, Spain)10aAvances de lexicografía hispánica.ntomo II /cedición de Antoni Nomdedeu Rull, Esther Forgas Berdet, Maria Bargalló Escrivá. 1aTarragona :bPublicacions Universitat Rovira i Virgili,c2012. a1 recurso en línea (588 páginas) atextobtxt2rdacontent/spa acomputadorabc2rdamedia/spa arecurso en líneabcr2rdacarrier/spa aContiene bibliografía. aDescripción basada en recurso en línea; Título de la página del título en PDF (e-libro, visto November 11, 2018). 0aSpanish languagexLexicographyvCongresses. 4aEspañol. 4aLexicografía. 4aConferencia. 4aLibros electrónicos.1 aNomdedeu Rull, Antoni,eeditor.1 aForgas Berdet, Esther,eeditor.1 aBargalló Escriv© , María,eeditor.40uhttps://elibro.net/ereader/politecnicointernacional/54796